00882nam a22002177a 4500999001900000005001700019010001500036020002600051035001400077037001300091082001200104100002200116245010600138260005900244270014000303300002400443700001800467700001900485942002600504952013400530 c189337d18933720220623170909.0 aENG-133363 a9789390168361c549.00 aEN-116895 bDBAD/PUB a330.954 aSrirangam, Sriram aIndian Economy:bPrinciples, Policies and Progress/cSriRam Srirangam, Manish Kumar and Rohit Deo jha aNoidabPearson India Education Services Pvt. Ltdc2021 a15th Floor, Tower-b, World Trade Tower, Plot No. 1, Block-C, Sector 16bNoidae201301mcompanysecretary.india@pearson.coml044-66540100 axix, vp.c23cm(pbk) aKumar, Manish aJha, Rohit Deo 2ddccENh330.954mSRI 001040708NFICaBNbBNd2022-06-23eDBAD/PUBg549.00l1o330.954 SRIpEN-116895r2024-06-28 00:00:00s2024-06-14t1v549.00yEN